Breve historia del teatro argentino, iv : la época de oro /
Guardado en:
| Otros Autores: | , , |
|---|---|
| Formato: | Libro |
| Publicado: |
Buenos Aires :
Eudeba,
1963
|
| Materias: | |
| Etiquetas: |
Agregar Etiqueta
Sin Etiquetas, Sea el primero en etiquetar este registro!
|
| LEADER | 00750nam a22002175a 4500 | ||
|---|---|---|---|
| 001 | EHU.bham045094 | ||
| 003 | AR-BHAM | ||
| 005 | 20180228135845.0 | ||
| 008 | 130507s1963##################000#0#####d | ||
| 082 | A | 8 | |a 862.09 |
| 245 | 0 | 0 | |a Breve historia del teatro argentino, iv : |b la época de oro / |c Luis Ordaz : |
| 260 | |a Buenos Aires : |b Eudeba, |c 1963 | ||
| 300 | |a 194 p. | ||
| 505 | 0 | |a Las de Barranco / Gregorio de Laferrère La gringa / Florencio Sánchez | |
| 653 | |a Teatro argentino-historia del | ||
| 653 | |a Literatura argentina-teatro | ||
| 653 | |a Dramaturgia argentina | ||
| 700 | 1 | |a Ordaz, Luis | |
| 700 | 1 | |a Laferrère, Gregorio de | |
| 700 | 1 | |a Sánchez, Florencio | |
| 859 | |a AR-BHAM |b BIB. HUMANIDADES - General |h A862.09 |i B758 |k A |p 9.18 |t Ej.1 |v IV | ||
